Hayat-E-saadi (Record no. 5981)

MARC details
000 -LEADER
fixed length control field 00548nam a2200229 a 4500
020 ## - INTERNATIONAL STANDARD BOOK NUMBER
ISBN
082 00 - DEWEY DECIMAL CLASSIFICATION NUMBER
Classification number 891.51
Author Cutter HAL1
100 ## - MAIN ENTRY--AUTHOR NAME
Author name Hali, Altaf Hussain
245 ## - TITLE STATEMENT
Title Hayat-E-saadi
260 ## - PUBLICATION, DISTRIBUTION, ETC. (IMPRINT)
Place of publication Badaun
Name of publisher No Publisher
Year of publication 1868
300 ## - PHYSICAL DESCRIPTION
Number of Pages 256p
500 ## - GENERAL NOTE
General note includes index and biblioraphy
650 ## - SUBJECT ADDED ENTRY--TOPICAL TERM
Topical Term Persian Poetry-Saadi
942 ## - ADDED ENTRY ELEMENTS (KOHA)
Koha item type Books
700 1# -
-- Hali, Altaf Hussain
Holdings
Collection code Home library Current library Date acquired Cost, normal purchase price Full call number Accession Number Koha item type
  Henry Martyn Institute Library Henry Martyn Institute Library 09/10/2008 100.00 891.51 HAL1 06519 Books
                   Copyright © 2026 | Henry Martyn Institute | Hyderabad | TS-500052 | INDIA | Implemented by hmi.edu.in
Hit-Count:

Powered by Koha